Handbook of Healthcare Quality & Patient Safety/ (Record no. 208208)
[ view plain ]
| 000 -LEADER | |
|---|---|
| fixed length control field | 00734nam a22002057a 4500 |
| 005 - DATE AND TIME OF LATEST TRANSACTION | |
| control field | 20250108151046.0 |
| 010 ## - LCCN (DPL NO) | |
| LC control number | ENG-143256 |
| 020 ## - INTERNATIONAL STANDARD BOOK NUMBER | |
| International Standard Book Number | 9789350909652 |
| Terms of availability | 1500.00 |
| 035 ## - SYSTEM CONTROL NUMBER | |
| System control number | EN-126788 |
| 037 ## - SOURCE OF ACQUISITION | |
| Source of stock number/acquisition | DBAD |
| 082 ## - DEWEY DECIMAL CLASSIFICATION NUMBER | |
| Classification number | 362.1068 |
| 100 ## - MAIN ENTRY--PERSONAL NAME | |
| Personal name | Gyani, Girdhar J |
| 245 ## - TITLE STATEMENT | |
| Title | Handbook of Healthcare Quality & Patient Safety/ |
| Statement of responsibility, etc | By Girdhar J Gyani [and] Alexander Thomas |
| 250 ## - EDITION STATEMENT | |
| Edition statement | 1 |
| 260 ## - PUBLICATION, DISTRIBUTION, ETC. (IMPRINT) | |
| Place of publication, distribution, etc | New delhi |
| Name of publisher, distributor, etc | Jaypee brothers medical Publishers |
| Date of publication, distribution, etc | 2014 |
| 270 ## - ADDRESS | |
| Address | Jaypee brothers medical Publishers |
| City | New delhi |
| Postal code | 110002 |
| Telephone number | +91-1143574357 |
| Fax number | +91-1143574314 |
| Electronic mail address | jaypee@jaypeebrothers.com |
| 300 ## - PHYSICAL DESCRIPTION | |
| Extent | xix,320p |
| Dimensions | 24cm.(pb) |
| 700 ## - ADDED ENTRY--PERSONAL NAME | |
| Personal name | Thomas, Alexander |
| Relator term | Author |
| 9 (RLIN) | 76106 |
| 942 ## - ADDED ENTRY ELEMENTS (KOHA) | |
| Source of classification or shelving scheme | Dewey Decimal Classification |
| Item type | English Books |
| Classification part | 362.1068 |
| Call number suffix | GYA |
| Withdrawn status | Lost status | Not for loan | Collection code | Home library | Current library | Date acquired | Source of acquisition | Cost, normal purchase price | Full call number | Barcode | Copy number | Cost, replacement price | Koha item type |
|---|---|---|---|---|---|---|---|---|---|---|---|---|---|
| Non-fiction | Ashok Vihar | Ashok Vihar | 08/01/2025 | Delivery of Books Division | 1500.00 | 362.1068 GYA | EN-126788 | 1 | 1500.00 | English Books |
